Business intelligence v riadení podnikov a prístupy k jeho riešeniu
Business intelligence v riadení podnikov a jeho všeobecná koncepcia architektúry. Potreba zavádzania Business intelligence. Vývoj a vymedzenie BI. Základné princípy riešenia BI. Prístupy k riešeniu Business inteligence a možnosti ich využitia. Prístupy postupného budovania dátových trhovísk.
Salvato in:
| Autore principale: | |
|---|---|
| Natura: | Capitolo di libro |
| Lingua: | slovacco |
| Soggetti: | |
| Tags: |
Nessun Tag, puoi essere il primo ad aggiungerne!!
|
MARC
| LEADER | 00000naa$a2200000$$$4500 | ||
|---|---|---|---|
| 001 | 0049418 | ||
| 005 | 20240502071554.8 | ||
| 041 | 0 | |a slo | |
| 044 | |a SK | ||
| 245 | 1 | 0 | |a Business intelligence v riadení podnikov a prístupy k jeho riešeniu |c Štefan Čarnický |
| 520 | |a Business intelligence v riadení podnikov a jeho všeobecná koncepcia architektúry. Potreba zavádzania Business intelligence. Vývoj a vymedzenie BI. Základné princípy riešenia BI. Prístupy k riešeniu Business inteligence a možnosti ich využitia. Prístupy postupného budovania dátových trhovísk. | ||
| 610 | 2 | 0 | |a systémy informačné |
| 610 | 2 | 0 | |a riadenie podnikové |
| 610 | 2 | 0 | |a inteligencia umelá |
| 610 | 2 | 0 | |a spracovanie dát |
| 610 | 2 | 0 | |a rozhodovanie podnikové |
| 610 | 2 | 0 | |a systémy znalostné |
| 610 | 2 | 0 | |a systémy databázové |
| 100 | 1 | |a Čarnický, Štefan | |